Vojska generála Vlasova v Čechách kniha o nepochopení a zradě

Bibliographic Details
Main Author: Auský, Stanislav A., 1922- (Author)
Format: Book
Language:Czech
PhysicalDescription:348 s. fotogr. 21 cm
Published: Praha Vyšehrad 1992
ISBN:8070210966
Edition:Vyd. 1.
Subjects:

MARC

LEADER 00000nam a2200000 a 4500
001 vtls008803556
003 SK-MaSNL
005 20260301205612.0
008 240313s1992 xr o f 001 0 cze
020 |a 8070210966  |q (brož.)  |c 82.00 
035 |a HEVK29153 
040 |a SNK  |b slo  |c SNK  |e AACR2 
041 0 |a cze 
044 |a xr 
072 7 |a 94(100)  |x Svetové dejiny  |2 konspekt 
072 7 |a 355/359  |x Vojenstvo. Obrana krajiny. Ozbrojené sily  |2 konspekt 
080 |a 94(100)"1939/1945"  |2 2001 
080 |a 355.083  |2 2001 
080 |a 94(437.3)"1945"  |2 2001 
080 |a 355.1  |2 2001 
080 |a (048.8)  |2 2001 
100 1 |a Auský, Stanislav A.,  |d 1922-  |4 aut  |9 474816 
245 1 0 |a Vojska generála Vlasova v Čechách  |b kniha o nepochopení a zradě  |c Stanislav A. Auský 
250 |a Vyd. 1. 
260 |a Praha  |b Vyšehrad  |c 1992 
300 |a 348 s.  |b fotogr.  |c 21 cm 
600 1 7 |a Vlasov, Andrej Andrejevič,  |d 1900-1946  |2 SNKMA  |9 591942 
650 0 7 |a druhá svetová vojna (1939-1945)  |2 SNKPH  |9 169657 
650 0 7 |a generáli  |2 SNKPH  |9 14522 
650 0 7 |a Májové povstanie českého ľudu (1945)  |2 SNKPH  |9 177961 
650 0 7 |a ozbrojené sily  |2 SNKPH  |9 1644 
650 0 7 |a World War (1939-1945)  |2 SNKPHeng  |9 284172 
650 0 7 |a Generals  |2 SNKPHeng  |9 298429 
650 0 7 |a Czech May uprising, 1945  |2 SNKPHeng  |9 516192 
650 0 7 |a Armed forces  |2 SNKPHeng  |9 267750 
655 7 |a monografie  |2 SNKPH  |9 70139 
655 7 |a Monographs  |2 SNKPHeng  |9 120675 
919 |a 80-7021-096-6 
999 |c 910752  |d 912682 
952 |t P60, <04>, [BOOK], {604}  |a SNK  |b SNK  |y VYP  |7 0  |p 17A0058832  |o snkID 93279 D1  |0 0  |1 1  |4 0  |d 1997-04-09  |l 0  |r 2005-01-01 00:00:00  |w 2026-02-24